Protegiendo la biodiversidad: leyes nacionales que regulan el acceso a los recursos genéticos en el continente americano

Saved in:
Bibliografiske detaljer
Main Authors: Perkoff Bass, Susan (Author), Ruiz Muller, Manuel (Author)
Format: Bog
Sprog:spansk
Udgivet: Ottawa Centro Internacional de Investigaciones para el Desarrollo 2001
Fag:
Tags: Tilføj Tag
Ingen Tags, Vær først til at tagge denne postø!

MARC

LEADER 00000nam a2200000 a 4500
001 UCM8730
003 CL-VaPUC
008 030328e20010000CN |||||||||||||||||spa|d
082 0 4 |a 344.046  |b PER  |2 21 
100 0 |a Perkoff Bass, Susan  |e author  |9 474903 
700 0 |a Ruiz Muller, Manuel  |e author  |9 474904 
245 1 0 |a Protegiendo la biodiversidad: leyes nacionales que regulan el acceso a los recursos genéticos en el continente americano 
300 |a 135 p 
942 |c BK 
945 |d 20030328 00:00:00  |a rbrito 
260 |a Ottawa  |b Centro Internacional de Investigaciones para el Desarrollo  |c 2001 
650 0 |a Conservación del medio ambiente  |9 340695 
650 0 |a Derecho ambiental   |9 257835 
650 0 |a Biodiversidad   |9 385995 
650 0 |a Recursos naturales  |9 255232 
583 |a last modification  |c 20161003 09:39:38  |k Rodrigo Vera 
999 |c 303172  |d 303170 
952 |0 0  |1 0  |4 0  |6 344_046000000000000_PER_2001  |7 0  |8 A  |9 364318  |a BIBDER  |b BIBDER  |d 2019-11-21  |i 3819523  |o 344.046 PER 2001  |p 3819523  |r 2023-01-25  |w 2019-11-21  |y BK  |k DER